01390nam a2200217 i 4500001000700000003000700007005001700014008004100031100004800072245033400120246013200454246008500586260006000671300005100731546004700782650003800829651005000867700001700917710003900934852019900973189526SpMaBN20251014063307.0190606s1868 po |||| | por d1 aCosta, Francisco A. Pereira da, d1809-188910aNoçoes sobre o estado prehistorico da terra e do homem seguidas da descripçâo de alguns dolmins ou antas de Portugal = bNotions sur l'état prehistorique de la terre et de l'homme suivies de la description de quelques dolmens ou antas du Portugal / cpor F.A. Pereira da Costa ; com a traduçao franceza por M. Dalhunty.3 aNotions sur l'état prehistorique de la terre et de l'homme suivies de la description de quelques dolmens ou antas du Portugal3 aMonumentos prehistoricos : bdescripçao de alguns dolmins ou antas de Portugal aLisboa : bTyp. da Academia Real das Sciencias, c1868. aVIII, 97 p., III h. de lám. pleg. ; c33 cm. aTexto paralelo en portugués y francés. 4aHombre prehistórico-zPortugal. 4aPortugal-xHistoria-yÉpoca prehistórica.1 aDalhunty. M.2 aAcademia das Ciências de Lisboa. aES-MaACLjL-32428(3) z- Enc. cart. z. - Legado Federico de Botella y de Hornos z- Enc. en 1 vol. facticio, con nombre en el lomo de: "Portugal: geología, memorias y documentos varios"